000 003160000a22001450004500
003 MACL
040 _aMACL
090 _c33179
_d33177
100 _aMalhotra, Dr. A M
245 _aRailway Recruitment Board
260 _bBright Careers institus
350 _a50
650 _aRailRoad
942 _cBOOK
_k385.076/MAL
999 _c32831
_d32831